Normal view
MARC view
- Freed Arthur
Entry Personal Name
001 - CONTROL NUMBER
- control field: 14909
003 - CONTROL NUMBER IDENTIFIER
- control field: IT-RoPau
005 - DATE AND TIME OF LATEST TRANSACTION
- control field: 20140226214230.0
008 - FIXED-LENGTH DATA ELEMENTS
- fixed length control field: 140226|| aca||aabn | a|a d
040 ## - CATALOGING SOURCE
- Original cataloging agency: IT-RoPau
- Transcribing agency: IT-RoPau
100 ## - HEADING--PERSONAL NAME
- Personal name: Freed Arthur
- Dates associated with a name: Codice autore musica SPICS: 15706
- Relator term: Autore musica
- Name of part/section of a work: Singin' In the Rain
670 ## - SOURCE DATA FOUND
- Source citation: Work cat.: (IT-RoPau)99562: AA.VV. 794, Clockwork Orange